000 00786cab a2200241 4500
001 ABS54565
008 090401t1996 xxu||||| |||| 00| 0 eng d
035 _a(Sirsi) u11124
041 _aeng
100 _aJenkins, F.
245 _aTenancy alert
260 _c1996
350 _a0
490 _aLaw Society`s Gazette
_v93(7) 21 February 1996, 24(1)
520 _aCautions landlords on situations where an existing lease may be included within the provisions of the Landlord and Tenant (Covenants) Act 1995.
650 _aFRIENDS PROVIDENT LIFE OFFICE V BRITISH RAILWAYS BOARD
650 _aLANDLORD AND TENANT COVENANTS ACT 1995
650 _aSURRENDER OF LEASE
650 _aUSER COVENANTS
690 _aPROPERTY-LANDLORD AND TENANT
942 _n0
948 _c04/03/1997
999 _c7085
_d7085